The dynamics of U.S. capitalism : Corporate structure, inflation, credit, gold, and the dollar

Corporations, expansion, and stagnation; Inflation, credit, gold, and the dollar.

Guardat en:
Dades bibliogràfiques
Autor principal: Sweezy, Paul M.
Format: Llibre
Idioma:Undetermined
Publicat: New York Monthly Review Press 1972
Matèries:
Etiquetes: Afegir etiqueta
Sense etiquetes, Sigues el primer a etiquetar aquest registre!
Thư viện lưu trữ: Trung tâm Học liệu Trường Đại học Cần Thơ
LEADER 00738nam a2200229Ia 4500
001 CTU_217541
008 210402s9999 xx 000 0 und d
020 |c 13 
082 |a 330.973 
082 |b S974 
100 |a Sweezy, Paul M. 
245 4 |a The dynamics of U.S. capitalism : 
245 0 |b Corporate structure, inflation, credit, gold, and the dollar 
245 0 |c Paul M. Sweezy and Harry Magdoff 
260 |a New York 
260 |b Monthly Review Press 
260 |c 1972 
520 |a Corporations, expansion, and stagnation; Inflation, credit, gold, and the dollar. 
650 |a Finance,Tài chính 
650 |z United States,Hoa Kỳ 
904 |i Trúc 
980 |a Trung tâm Học liệu Trường Đại học Cần Thơ